000 00880cam a22002897a 4500
003 CHAP
005 20220817041232.0
008 971013s1967 r 00010 d
010 _a9305
011 _a10277
035 _a9514
040 _cCHAP
082 _a635.9
_bA2
100 0 0 _aAbraham, George.
_9296
245 1 4 _aThe green thumb book of indoor gardening
_b: a complete guide
260 _aEnglewood Cliffs, N. J. :
_bPrentice-Hall,
_c1967
300 _a304 p.
_b: ilus.
590 _aBATCH-UPD
_b10
_c20130110
_lUCH01
_h1224
590 _aBATCH-UPD
_b10
_c20130410
_lUCH01
_h0757
590 _aBATCH-UPD
_b10
_c20130914
_lUCH01
_h1702
590 _aCONVERSION
_b10
_c20130109
_lUCH01
_h1306
650 1 4 _aJardinería.
_961143
650 1 4 _aPlantas ornamentales.
901 _aBK
942 _cLIBRO
949 _a635.9 A2
_bBC
_cLIBRO
_d33724000972535
_eLIBRO
_h71296
_i9514
_mD
_si
999 _c9305
_d9305